Manifiesto ovni de Puerto Rico, Santo Domingo y Cuba / (Record no. 4550)
[ view plain ]
| 000 -CABECERA | |
|---|---|
| campo de control de longitud fija | 00669nam a2200181 a 4500 |
| 001 - NÚMERO DE CONTROL | |
| campo de control | 000004744 |
| 005 - FECHA Y HORA DE LA ÚLTIMA TRANSACCIÓN | |
| campo de control | 20200929151508.0 |
| 008 - DATOS DE LONGITUD FIJA--INFORMACIÓN GENERAL | |
| campo de control de longitud fija | 090725s1979 dr a r 000 0 spa d |
| 040 ## - FUENTE DE LA CATALOGACIÓN | |
| Centro catalogador/agencia de origen | DO-SdBNP |
| 082 ## - NÚMERO DE LA CLASIFICACIÓN DECIMAL DEWEY | |
| Número de clasificación | xxx |
| Número de documento/Ítem | R666m |
| 100 1# - ENTRADA PRINCIPAL--NOMBRE DE PERSONA | |
| Nombre de persona | Robiou Lamarche, Sebastián |
| 9 (RLIN) | 9669 |
| 149 ## - | |
| -- | BNPD |
| 245 10 - MENCIÓN DE TÍTULO | |
| Título | Manifiesto ovni de Puerto Rico, Santo Domingo y Cuba / |
| Mención de responsabilidad, etc. | Sebastián Robiou Lamarche ; J. Allen Hynek, prólogo. |
| 260 ## - PUBLICACIÓN, DISTRIBUCIÓN, ETC. | |
| Lugar de publicación, distribución, etc. | San Juan, Puerto Rico : |
| Nombre del editor, distribuidor, etc. | Editorial Punto y Coma, |
| Fecha de publicación, distribución, etc. | 1979 |
| Lugar de fabricación/manufactura | Santo Domingo |
| Fabricante | Alfa y Omega |
| 300 ## - DESCRIPCIÓN FÍSICA | |
| Extensión | 526 p. : |
| Otras características físicas | il. ; |
| Dimensiones | 23 cm. |
| 500 ## - NOTA GENERAL | |
| Nota general | Incluye datos biográficos del autor en la contracubierta |
| 700 1# - PUNTO DE ACCESO ADICIONAL--NOMBRE DE PERSONA | |
| Nombre de persona | Hynek, J. Allen, |
| Término indicativo de función/relación | pról. |
| 9 (RLIN) | 13795 |
| Estado de retiro | Estado de pérdida | No para préstamo | Código de colección | Localización permanente | Ubicación/localización actual | Ubicación en estantería | Fecha de adquisición | Número de inventario | Total de préstamos | Signatura topográfica completa | Código de barras | Fecha visto por última vez | Precio válido a partir de | Tipo de ítem Koha |
|---|---|---|---|---|---|---|---|---|---|---|---|---|---|---|
| Excluido de préstamo | Patrimonio Dominicano | Patrimonio Dominicano | Patrimonio Dominicano | En catalogación | 25.07.2009 | LF1 | xxx R666m | 4744-10 | 25.06.2020 | 25.06.2020 | Libro y Folleto Colección Patrimonio Dominicano |
